Surnoms dans Naruto - Statistiques

Statistiques générales
  • Ce quiz a été pris 129 fois
  • Le résultat moyen est 4 sur 16
Statistiques - réponses
Personnage Surnom % Correct
Kakashi Ninja Copieur
59%
Minato Eclair Jaune de Konoha
45%
Jiraya Ermite des Crapauds
38%
Hagoromo Otsutsuki Ermite Rikudo
35%
Hanzo de la Salamandre
33%
Hashirama Dieu des Shinobis
29%
Sakumo Croc Blanc de Konoha
28%
Jiraya, Tsunade et Orochimaru Ninjas légendaires
27%
Kisame Démon à Queue sans Queue
22%
Gai Panthère de Jade de Konoha
21%
Sasori des Sables Rouges
17%
Madara Fantôme des Uchiwa
13%
Tsunade Princesse Limace
13%
Kaguya Princesse Kaguya
11%
Zabusa Démon de la Brume cachée
4%
Kushina Habanero la Sanguinaire
4%
Aucun quiz correspondant
Distribution des résultats
% des personnes avec chaque résultat
Percentile par nombre de réponses
Votre historique - résultats
Vous n’avez pas pris ce quiz